Fairy Tail Guilds - Statistics

General Stats
  • This quiz has been taken 404 times
  • The average score is 10 of 21
Answer Stats
Hint Answer % Correct
#1 Guild Fairy Tail
99%
Very sexy people, Maaaaaan Blue Pegasus
85%
Don't get spun by Ooba Lamia Scale
78%
Only female members Mermaid Heel
74%
Guild master became demon Sabertooth
73%
Laxus has daddy issues Raven Tail
71%
Element 4 Phantom Lord
65%
Talking Staff... Woah! Oracion Seis
57%
9 Demon gates, 13 demons Tartaros
56%
Never existed Cait Shelter
53%
aka puppy Quatro Cerberus
49%
7 kin of purgatory Grimoire Heart
48%
Had 3, then 2, now 7 Crime Sorciere
33%
Magnolia's replacement guild Twilight Ogre
33%
Cult... Summons god Avatar
23%
Lullaby's resurection Eisenwald
23%
Hey Bro, are we a hint???? Naked Mummy
10%
A demon and cyclops Succubus Eye
8%
The Vanish brothers Southern Wolves
6%
Hiroshi, Drake, Rala Sylph Labyrinth
6%
Owl Man saves the day Death's Head Caucus
4%
No matching quizzes found
Score Distribution
Percent of People with Each Score
Percentile by Number Answered
Your Score History
You have not taken this quiz